Group counseling : strategies and skills / (Record no. 103)
[ view plain ]
| 000 -LEADER | |
|---|---|
| fixed length control field | 01387nam a22002057a 4500 |
| 008 - FIXED-LENGTH DATA ELEMENTS--GENERAL INFORMATION | |
| fixed length control field | 110913t xxu||||| |||| 00| 0 eng d |
| 020 ## - INTERNATIONAL STANDARD BOOK NUMBER | |
| International Standard Book Number | 0534367577 9780534367572 |
| 050 ## - LIBRARY OF CONGRESS CALL NUMBER | |
| Classification number | BF637.C6 J34 |
| 100 ## - MAIN ENTRY--PERSONAL NAME | |
| Personal name | Jacobs, Ed E. |
| 245 ## - TITLE STATEMENT | |
| Title | Group counseling : strategies and skills / |
| Statement of responsibility, etc. | Ed E. Jacobs, Robert L. Masson, Riley L. Harvill. |
| 260 ## - PUBLICATION, DISTRIBUTION, ETC. | |
| Place of publication, distribution, etc. | Pacific Grove, CA : |
| Name of publisher, distributor, etc. | Thomson Learning/Brooks/Cole, |
| Date of publication, distribution, etc. | ©2002 |
| 300 ## - PHYSICAL DESCRIPTION | |
| Extent | xvi, 428 p. ; 24 cm. |
| Dimensions | xvi, 428 p. ; 24 cm. |
| 500 ## - GENERAL NOTE | |
| General note | Includes index |
| 505 ## - FORMATTED CONTENTS NOTE | |
| Formatted contents note | Contents: Introduction -- Stages of groups, group process and therapeutic forces -- Purpose of groups -- Planning -- Getting started: the beginning stage and beginning phase -- Basic skills for group leaders -- Focus -- Cutting off and drawing out -- Rounds and dyads -- Exercises -- Introducing, conducting and processing exercises -- Leading the middle stage of a group -- Counselling and therapy in groups -- Closing a session or group -- Dealing with problem situations -- Working with specific populations -- Issues in group counselling -- Appendix A: Best practice guidelines: Association for specialist in group work -- Appendix B: Principles for diversity- competent group workers: Association for specialists in group work. |
| 650 ## - SUBJECT ADDED ENTRY--TOPICAL TERM | |
| Topical term or geographic name entry element | Group counseling |
| 650 ## - SUBJECT ADDED ENTRY--TOPICAL TERM | |
| Topical term or geographic name entry element | Leadership. |
| 700 ## - ADDED ENTRY--PERSONAL NAME | |
| Personal name | Masson, Robert L., |
| 700 ## - ADDED ENTRY--PERSONAL NAME | |
| Personal name | Harvill, Riley L. |
| 942 ## - ADDED ENTRY ELEMENTS (KOHA) | |
| Source of classification or shelving scheme | Library of Congress Classification |
| Koha item type | Books |
| Withdrawn status | Lost status | Source of classification or shelving scheme | Damaged status | Not for loan | Home library | Current library | Shelving location | Date acquired | Total Checkouts | Full call number | Barcode | Date last seen | Copy number | Price effective from | Koha item type |
|---|---|---|---|---|---|---|---|---|---|---|---|---|---|---|---|
| Library of Congress Classification | WISCONSIN INTERNATIONAL UNIVERSITY COLLEGE, GHANA - MAIN LIBRARY | WISCONSIN INTERNATIONAL UNIVERSITY COLLEGE, GHANA - MAIN LIBRARY | General Stacks | 13/09/2011 | BF637.C6 J34 | 254/11 | 13/09/2011 | 1 | 13/09/2011 | Books | |||||
| Library of Congress Classification | WISCONSIN INTERNATIONAL UNIVERSITY COLLEGE, GHANA - MAIN LIBRARY | WISCONSIN INTERNATIONAL UNIVERSITY COLLEGE, GHANA - MAIN LIBRARY | General Stacks | 13/09/2011 | BF637.C6 J341 | 255/11 | 13/09/2011 | 2 | 13/09/2011 | Books | |||||
| Library of Congress Classification | WISCONSIN INTERNATIONAL UNIVERSITY COLLEGE, GHANA - MAIN LIBRARY | WISCONSIN INTERNATIONAL UNIVERSITY COLLEGE, GHANA - MAIN LIBRARY | General Stacks | 13/09/2011 | BF637.C6 J342 | 256/11 | 13/09/2011 | 2 | 13/09/2011 | Books |
